[Event "Let's Play Chess!"]
[Site "http://www.queenalice.com/game.php?id=257537"]
[Date "2007.8.18"]
[Round "-"]
[White "doran"]
[Black "alpenny"]
[Result "1-0"]
[WhiteElo "1100"]
[BlackElo "1790"]

1. Nf3 d5 2. g3 Nf6 3. d3 g6 4. Bg2 c6 5. O-O Bg7 6. Nbd2 O-O 7. e4 dxe4 8. dxe4
Bg4 9. h3 Bxf3 10. Qxf3 e5 11. Rd1 Nbd7 12. Nc4 Qc7 13. b3 b5 14. Ne3 a5 15. Bb2
a4 16. Ba3 Rfe8 17. c4 Rac8 18. cxb5 cxb5 19. Nd5 Nxd5 20. Rxd5 Rb8 21. Bd6 Qb7
22. Bxb8 Nxb8 23. Rad1 Nc6 24. Rd7 Qxd7 25. Rxd7 f6 26. Bf1 1-0

[Event "Let's Play Chess!"]
[Site "http://www.queenalice.com/game.php?id=257538"]
[Date "2007.8.18"]
[Round "-"]
[White "alpenny"]
[Black "doran"]
[Result "0-1"]
[WhiteElo "1790"]
[BlackElo "1100"]

1. d4 g6 2. c4 Bg7 3. Nf3 d6 4. e4 e5 5. d5 Nf6 6. Bd3 Nbd7 7. Bg5 h6 8. Bxf6
Qxf6 9. Nc3 Nc5 10. Nb5 Nxd3+ 11. Qxd3 Qe7 12. O-O O-O 13. a4 f5 14. Rac1 fxe4
15. Qxe4 Rf4 16. Qxg6 Bf5 17. Qh5 Rf8 18. Nh4 Rxh4 19. Qe2 a6 0-1

[Event "World All Stars"]
[Site "http://www.queenalice.com/game.php?id=263064"]
[Date "2007.8.29"]
[Round "3"]
[White "alpenny"]
[Black "RickD"]
[Result "1-0"]
[WhiteElo "1765"]
[BlackElo "1499"]

1. e4 Nh6 2. d4 e6 3. c3 Be7 4. f3 d6 5. Be3 Bd7 6. Bd3 O-O 7. Nh3 Bh4+ 8. g3
Bf6 9. Nd2 Be7 10. O-O Nc6 11. g4 f6 12. Qe2 Nf7 13. Qg2 e5 14. d5 Nb8 15. f4
Na6 16. b4 c5 17. b5 Nc7 18. c4 Nh6 19. f5 a6 20. a4 a5 21. Bxh6 gxh6 22. Nf3
Ne8 23. Qd2 Kg7 24. Kf2 b6 25. Nhg1 Nc7 26. Ne2 Rg8 27. Rh1 Qf8 28. Rag1 Kh8 29.
h4 Rg7 30. Qxh6 Ne8 31. g5 fxg5 32. hxg5 Rg8 33. Qxh7# 1-0

[Event "Challenge"]
[Site "http://www.queenalice.com/game.php?id=279760"]
[Date "2007.10.1"]
[Round "-"]
[White "mid_knight"]
[Black "alpenny"]
[Result "1-0"]
[WhiteElo "1965"]
[BlackElo "1754"]

1. b3 e5 2. Bb2 Nc6 3. e3 Nf6 4. Bb5 d6 5. Nf3 e4 6. Nd4 Bd7 7. c4 Ne5 8. O-O c6
9. Ba4 g6 10. Na3 a6 11. b4 h5 12. f3 exf3 13. Nxf3 Bg4 14. Bxe5 dxe5 15. Qb3
Bxf3 16. Rxf3 Bg7 17. b5 O-O 18. bxc6 bxc6 19. Rd1 Rb8 20. Qc2 e4 21. Rff1 Qd6
22. c5 Qc7 23. Nc4 Ng4 24. Nd6 Be5 25. h3 Nf6 26. Bb3 Bxd6 27. Rxf6 Be5 28.
Rxg6+ Bg7 29. Qc3 1-0

[Event "Let's Play Chess!"]
[Site "http://www.queenalice.com/game.php?id=282641"]
[Date "2007.10.7"]
[Round "-"]
[White "eldalai"]
[Black "alpenny"]
[Result "0-1"]
[WhiteElo "1489"]
[BlackElo "1770"]

1. e4 e5 2. Nf3 d6 3. Bc4 Nf6 4. Ng5 Be6 5. Bxe6 fxe6 6. Nxe6 Qd7 7. Ng5 h6 8.
Nf3 Qg4 9. Nc3 Nxe4 10. Nxe4 Qxe4+ 11. Kf1 Nd7 12. d3 Qg6 13. Nh4 Qf7 14. Qg4
Nf6 15. Qb4 c5 16. Qb5+ Qd7 17. Qxd7+ Nxd7 18. Nf5 g5 19. Be3 O-O-O 20. Re1 b6
21. c3 Re8 22. Bd2 Re6 23. Ne3 Be7 24. Nd5 g4 25. Re4 h5 26. f4 gxf3 27. gxf3
Nf6 28. Nxf6 Rxf6 29. f4 Rf5 30. Ke2 Rg8 31. fxe5 Rg2+ 32. Kd1 Rff2 33. Bf4 Rxb2
34. Ree1 Rb1+ 35. Bc1 Bg5 36. Re2 Rxc1# 0-1

[Event "Random"]
[Site "http://www.queenalice.com/game.php?id=359137"]
[Date "2008.2.22"]
[Round "2"]
[White "alpenny"]
[Black "Hovis"]
[Result "1/2-1/2"]
[WhiteElo "1760"]
[BlackElo "1505"]

1. e4 e5 2. Nf3 Nc6 3. c3 Nf6 4. d3 Be7 5. b4 O-O 6. g3 d5 7. exd5 Qxd5 8. c4
Qd8 9. b5 Nd4 10. Nxe5 Bb4+ 11. Bd2 Bg4 12. Nxg4 Re8+ 13. Ne3 Qe7 14. Bxb4 Qxb4+
15. Nd2 Rad8 16. a3 Qc5 17. Nb3 Nxb3 18. Qxb3 Ng4 19. Be2 Nxf2 20. Rf1 Rxe3 21.
Rxf2 Rdxd3 22. Rd1 Rxe2+ 23. Kxe2 Rxb3 24. Rd8+ Qf8 25. Rxf8+ Kxf8 26. Rf3 Rb2+
27. Ke3 Rxh2 28. Kd4 b6 29. Kd5 Rh6 30. Rc3 f5 31. c5 g5 32. cxb6 cxb6 33. Rc8+
Kg7 34. Rc7+ Kg6 35. Rxa7 Kh5 36. Ra4 g4 37. Ke5 Kg5 38. Ra6 f4 39. gxf4+ Kh4
40. f5 g3 41. f6 g2 42. f7 g1=Q 43. f8=Q Qh2+ 44. Qf4+ Kh3 45. Qxh2+ Kxh2 46. a4
Kg3 47. Kd5 Kf4 48. a5 Rh5+ 49. Kc6 bxa5 50. b6 Rh6+ 51. Kc7 Rxb6 52. Kxb6 h5
53. Kxa5 1/2-1/2

[Event "Xperts of War"]
[Site "http://www.queenalice.com/game.php?id=420588"]
[Date "2008.6.20"]
[Round "-"]
[White "alpenny"]
[Black "mid_knight"]
[Result "0-1"]
[WhiteElo "1698"]
[BlackElo "2056"]

1. c4 Nf6 2. g3 e6 3. Nc3 Bb4 4. Bg2 O-O 5. Nf3 c5 6. a3 Bxc3 7. dxc3 Nc6 8. O-O
h6 9. b4 Ne7 10. Bh3 b6 11. b5 Bb7 12. Qd3 Ng6 13. Bf4 Nxf4 14. gxf4 Qc7 15. Qe3
Nh5 16. Ne5 Nf6 17. f3 Rae8 18. Nd3 d6 19. Qf2 Re7 20. Rae1 Rfe8 21. e4 Nh7 22.
Qg3 Kh8 23. e5 d5 24. Nb2 f6 25. f5 d4 26. f4 fxe5 27. fxe6 exf4 28. Rxf4 Ng5
29. Ref1 Kg8 30. cxd4 cxd4 31. Bg2 Nxe6 32. Bxb7 Nxf4 33. Bf3 Ne2+ 34. Bxe2
Qxg3+ 35. hxg3 Rxe2 0-1

[Event "AUTO-OPEN-1383"]
[Site "http://www.queenalice.com/game.php?id=513501"]
[Date "2008.12.27"]
[Round "1"]
[White "Patt"]
[Black "alpenny"]
[Result "1-0"]
[WhiteElo "1446"]
[BlackElo "1760"]

1. e4 e5 2. Nf3 Nf6 3. Nc3 d6 4. Ng5 h6 5. Nf3 a6 6. d3 b5 7. b4 Be6 8. Be2 c6
9. Be3 Be7 10. O-O O-O 11. Nh4 1-0

[Event "AUTO-OPEN-1383"]
[Site "http://www.queenalice.com/game.php?id=513502"]
[Date "2008.12.27"]
[Round "1"]
[White "alpenny"]
[Black "Patt"]
[Result "0-1"]
[WhiteElo "1731"]
[BlackElo "1475"]

1. e4 e5 2. Nf3 Bc5 3. c3 d6 4. b4 Bb6 5. g3 c6 6. Bg2 Bg4 7. O-O Nf6 8. d3 Nh5
9. h3 Bxf3 10. Qxf3 Nf6 11. Bg5 Qe7 12. Bxf6 gxf6 0-1

[Event "AUTO-OPEN-1383"]
[Site "http://www.queenalice.com/game.php?id=513541"]
[Date "2008.12.27"]
[Round "1"]
[White "alpenny"]
[Black "Smartmove"]
[Result "0-1"]
[WhiteElo "1701"]
[BlackElo "2027"]

1. d4 d5 2. Nf3 Nf6 3. g3 e6 4. Bg2 Be7 5. O-O O-O 6. c3 Nbd7 7. b4 a5 8. Qa4
Nb6 9. Qb3 axb4 10. cxb4 Bd7 11. Nc3 Nc4 12. Ne5 Nxe5 13. dxe5 Ne8 14. Be3 b6
15. a4 c5 16. b5 d4 17. Bxa8 Qxa8 18. Bd2 dxc3 19. Bxc3 Qe4 20. Qd1 Bc8 21. a5
Bb7 22. f3 Qe3+ 23. Kh1 Qxc3 24. Qd7 Bd5 25. Qxe7 Qxe5 26. Rfe1 bxa5 27. Qa7 Nf6
28. Qxc5 Bxf3+ 29. exf3 Qxc5 30. Reb1 Qb6 0-1

[Event "AUTO-OPEN-1383"]
[Site "http://www.queenalice.com/game.php?id=513542"]
[Date "2008.12.27"]
[Round "1"]
[White "Smartmove"]
[Black "alpenny"]
[Result "1-0"]
[WhiteElo "2017"]
[BlackElo "1705"]

1. e4 e5 2. Nf3 Nf6 3. d4 exd4 4. e5 Ne4 5. Qxd4 d5 6. exd6 Nxd6 7. Nc3 Nc6 8.
Qf4 f6 9. Bd3 Be6 10. O-O g5 11. Qe3 Qe7 12. Re1 Kd7 13. Nb5 Nxb5 14. Bxb5 Qd6
15. Bd2 a6 16. Bxc6+ bxc6 17. Rad1 Bd5 18. c4 Bxc4 19. Bb4 1-0

[Event "Random"]
[Site "http://www.queenalice.com/game.php?id=611588"]
[Date "2009.6.30"]
[Round "4"]
[White "alpenny"]
[Black "FoxInSox"]
[Result "0-1"]
[WhiteElo "1696"]
[BlackElo "1581"]

1. d4 d5 2. Nf3 Nf6 3. g3 Ng4 4. h3 Nf6 5. Bg2 c5 6. c3 e6 7. O-O cxd4 8. cxd4
Bd6 9. Nc3 O-O 10. Qd3 b6 11. a3 Ba6 12. Qc2 Qc7 13. Bg5 Nbd7 14. Rfc1 Bxg3 15.
fxg3 Qxg3 16. Bh4 Qc7 17. Bxf6 Nxf6 18. a4 Rac8 0-1